History of the town of Smithfield [R.I.] (Record no. 52479)
[ view plain ]
| 000 -LEADER | |
|---|---|
| fixed length control field | 01235cam a22002891 4500 |
| 001 - CONTROL NUMBER | |
| control field | rc 01003052 |
| 003 - CONTROL NUMBER IDENTIFIER | |
| control field | DLC |
| 005 - DATE AND TIME OF LATEST TRANSACTION | |
| control field | 20260227111908.0 |
| 007 - PHYSICAL DESCRIPTION FIXED FIELD--GENERAL INFORMATION | |
| fixed length control field | cr_||||||||||| |
| 008 - FIXED-LENGTH DATA ELEMENTS--GENERAL INFORMATION | |
| fixed length control field | 780421s1881 xx 000 0 eng |
| 010 ## - LIBRARY OF CONGRESS CONTROL NUMBER | |
| LC control number | rc 01003052 |
| 035 ## - SYSTEM CONTROL NUMBER | |
| System control number | (OCoLC)3819994 |
| 040 ## - CATALOGING SOURCE | |
| Original cataloging agency | DLC |
| Transcribing agency | OT |
| Modifying agency | DLC |
| 042 ## - AUTHENTICATION CODE | |
| Authentication code | premarc |
| 050 00 - LIBRARY OF CONGRESS CALL NUMBER | |
| Classification number | F89.S6 |
| Item number | S8 |
| 100 1# - MAIN ENTRY--PERSONAL NAME | |
| Personal name | Steere, Thomas. |
| 245 00 - TITLE STATEMENT | |
| Title | History of the town of Smithfield [R.I.] |
| Remainder of title | from its organization, in 1730-1, to its division, in 1871, |
| Statement of responsibility, etc. | comp. in accordance with the votes of the towns of Smithfield, North Smithfield, Lincoln and Woonsocket, R.I., by Thomas Steere. |
| 260 ## - PUBLICATION, DISTRIBUTION, ETC. | |
| Place of publication, distribution, etc. | Providence, R.I., |
| Name of publisher, distributor, etc. | E.L. Freeman & co., printers, |
| Date of publication, distribution, etc. | 1881. |
| 300 ## - PHYSICAL DESCRIPTION | |
| Extent | 8 p. l., 230 p. |
| Dimensions | 23 cm. |
| 500 ## - GENERAL NOTE | |
| General note | In 1871 a part of the town of Smithfield was added to Woonsocket and other portions were set off to form the new towns of Lincoln and North Smithfield. |
| 530 ## - ADDITIONAL PHYSICAL FORM AVAILABLE NOTE | |
| Additional physical form available note | Also available in digital form on the Internet Archive Web site. |
| 651 #0 - SUBJECT ADDED ENTRY--GEOGRAPHIC NAME | |
| Geographic name | Smithfield (R.I. : Town) |
| General subdivision | History. |
| 651 #0 - SUBJECT ADDED ENTRY--GEOGRAPHIC NAME | |
| Geographic name | Lincoln (R.I.) |
| General subdivision | History. |
| 651 #0 - SUBJECT ADDED ENTRY--GEOGRAPHIC NAME | |
| Geographic name | North Smithfield (R.I.) |
| General subdivision | History. |
| 651 #0 - SUBJECT ADDED ENTRY--GEOGRAPHIC NAME | |
| Geographic name | Woonsocket (R.I.) |
| General subdivision | History. |
| 856 41 - ELECTRONIC LOCATION AND ACCESS | |
| Uniform Resource Identifier | <a href="http://hdl.loc.gov/loc.gdc/scd0001.00140789318">http://hdl.loc.gov/loc.gdc/scd0001.00140789318</a> |
No items available.